Society in India

Αποθηκεύτηκε σε:
Λεπτομέρειες βιβλιογραφικής εγγραφής
Κύριος συγγραφέας: Mandelbaum, David Goodman, 1911-1987
Μορφή: Βιβλίο
Γλώσσα:English
Δημοσίευση: Berkeley : University of California Press, 1970-1972.
Θέματα:
Ετικέτες: Προσθήκη ετικέτας
Δεν υπάρχουν, Καταχωρήστε ετικέτα πρώτοι!

MARC

LEADER 00000nam a2200000 a 4500
001 1/127572
008 231025m19701972us | ||| |||| ||eng||
020 |a 0520016238   |q (τ. 1) 
020 |a 0520018958   |q (τ. 2) 
040 |a GR-MyUa  |b gre  |c GR-MyUa  |e AACR2 
041 0 |a eng 
082 7 |a 306.0954   |2 (23) 
100 1 |a Mandelbaum, David Goodman,   |d 1911-1987. 
245 1 0 |a Society in India /   |c David G. Mandelbaum.  
260 |a Berkeley :   |b University of California Press,   |c 1970-1972.  
300 |a 2 τ. ;   |c 24 εκ.  
504 |a Περιλαμβάνει βιβλιογραφικές παραπομπές.  
505 8 |a Τ. 1. Continuity and change -- τ. 2. Change and continuity.  
650 0 |a Caste  |z India. 
650 0 |a Families  |z India. 
650 0 |a Social mobility  |z India. 
651 0 |a India  |x Social conditions  |y 1947- 
740 0 |a Continuity and change.  
740 0 |a Change and continuity.  
852 |a INST  |b LESVOS  |e 20231025  |h 306.0954 MAN  |p 005100065773  |q 005100065773  |t BK  |v τ.2:  |y 0 
852 |a INST  |b LESVOS  |e 20231025  |h 306.0954 MAN  |p 005100065774  |q 005100065774  |t BK  |v τ.1:  |y 0 
853 |a INST  |b LESVOS  |h 306.0954 MAN 
970 |a Καμάτσου  |b Δέσποινα  |z 25-10-2023